000 00924nam a22002417a 4500
005 20140903174931.0
008 131003s2002 xxu frn 001 0 eng
020 _a0691090238
040 _aCO-BoUCM
_cAngélica Rojas
_dAldemar Mondragón
_bspa
041 0 0 _aeng
100 1 _aWiebe, Robert H.
_947202
245 1 0 _aWho we are a history of popular nationalism
_cRobert H. Wiebe
260 _aPrinceton, N.J.
_bPrinceton University Press
_c2002
300 _axx, 282 páginas
504 _aIncluye referencias bibliográficas e índices
650 7 _aIdentidad nacional
_917119
650 7 _aNacionalismo
_947204
_xHistoria
651 4 _aEuropa
_xHistoria
_926957
690 _942754
_aCiencia política
856 4 1 _3Consulte las tablas de contenido haciendo clic aquí
_uhttp://www.loc.gov/catdir/toc/prin031/2001036272.html
942 _a6
_cLIBRO
_e1
_mW642w
_2DEWEY
_h320.54
999 _c181060
_d181060